Language Quiz

Random Language or Letter Quiz
Score 0/30 Timer 03:00
1 Play Today
Rank Word % Correct
23 BET
81.6%
5LET
81%
9SET
80.1%
26 PET
78.3%
1GET
75.5%
24 NET
69.5%
22 WET
69.4%
12BED
62.1%
14TEN
60.4%
28 PEN
57.4%
3SEE
57.3%
10RED
53.5%
25 JET
53.2%
30BEE
51.3%
8YET
49.9%
Rank Word % Correct
2HER
44.7%
21TEA
41.1%
27 BEG
40.2%
19FEE
38.6%
4NEW
36.6%
16SEA
36.4%
15LEG
35.4%
6FEW
32.8%
11PER
31.8%
7YES
27.2%
17 KEY
22.8%
18 HEY
21.2%
13SEX
18.9%
29 WEB
15.9%
20JEW
14.9%

You're not logged in!

Compare scores with friends on all Sporcle quizzes.
OR
Log In

Sporcle TV

Today on Sporcle TV


Watch our educational content, quiz creation guides, and fun videos on Sporcle TV.

Show Comments

Extras

Top Quizzes Today


Score Distribution

Your Account Isn't Verified!

In order to create a playlist on Sporcle, you need to verify the email address you used during registration. Go to your Sporcle Settings to finish the process.

Report this User

Report this user for behavior that violates our Community Guidelines.

Details: